| 000 | 00876nam a2200313Ia 4500 | ||
|---|---|---|---|
| 001 | 5364 | ||
| 005 | 20240113233828.0 | ||
| 007 | ta | ||
| 008 | 050620s1989 a g b000 u eng u | ||
| 020 | _cHB | ||
| 040 | _aCotton College,Assam | ||
| 041 | _aeng | ||
| 082 |
_a639.9 _bGh 346 En |
||
| 100 | _aGhosh, A.K. . | ||
| 245 | 0 |
_aEnvironmental Awareness and Wildlife Conservation / _cA.K. Ghosh, J.K. Jonathan, P.P. Kulkarni. _hTheses |
|
| 250 | _a1st ed. / | ||
| 260 |
_aCalcutta : _bZoological Survey of India , _c1989. |
||
| 300 |
_a166p. : _bill. ; _c24cm . |
||
| 504 | _aBib. | ||
| 653 | _aZoology-Wildlife conservation | ||
| 653 | _aEnvironmental awareness | ||
| 653 | _aWildlife conservation | ||
| 653 | _aPG-Zoology | ||
| 700 | _aKulkarni, P.P. . | ||
| 700 | _aJonathan, J.K. . | ||
| 942 |
_2ddc _cBK |
||
| 999 |
_c5351 _d5351 |
||